000 00284nam a2200109Ia 4500
008 221009s9999 xx 000 0 und d
082 _a294.5/BAS
100 _aScholars, Various Sanskrit
_923743
245 4 _aThe Sacred Books of The Hindus
260 _bThe panini Office
942 _cBK
999 _c64560
_d64560